| 000 | 00000nam##2200000za#4500 |
| 001 | 9.615861 |
| 003 | CaOODSP |
| 005 | 20200514165641 |
| 007 | ta |
| 008 | 150406|2001||||xxc||||| f|0| 0 eng|d |
| 020 | |a0-662-31489-1 |
| 040 | |aCaOODSP|beng |
| 043 | |an-cn--- |
| 086 | 1 |aNH18-23/85E |
| 110 | 2 |aCanada Mortgage and Housing Corporation. |
| 245 | 10|aAssessing the full costs of water, liquid waste, energy and solid waste infrastructure in the Fraser Valley Regional District (FVRD) |
| 260 | |aOttawa - Ontario : |bCanada Mortgage and Housing Corporation |c2001. |
| 300 | |a5p. ; |c28 cm. |
| 490 | 1 |aResearch highlight. Socio-economic series |v85 |
| 563 | |aPamphlet |
| 590 | |a01-51|b2001-12-28 |
| 690 | 07|aWaste management|2gcpds |
| 690 | 07|aWater management|2gcpds |
| 775 | 08|tÉvaluation du coût global des infrastructures d'énergie, d'approvisionnement en eau et d'élimination des déchets solides et liquides dans le District régional de la vallée du Fraser |w(CaOODSP)9.625866 |
| 776 | 0#|tAssessing the full costs of water, liquid waste, energy and solid waste infrastructure in the Fraser Valley Regional District (FVRD) |w(CaOODSP)9.571765 |
| 830 | #0|aResearch highlight. Socio-economic series ;|v85|w(CaOODSP)9.514827 |
| 986 | |aNHA 60975 |